[Event "IRI-ch Online"]
[Site "Chess.com INT"]
[Date "2021.03.16"]
[Round "2"]
[White "Salimiyan, Behzad"]
[Black "Mari Ooriad, Pouya"]
[Result "0-1"]
[WhiteElo "1503"]
[BlackElo "2222"]
[PlyCount "80"]
[EventDate "2021.03.15"]
[EventType "swiss (rapid)"]
[EventRounds "11"]
[EventCountry "IRI"]
[SourceTitle "CBM 201 Extra"]
[Source "ChessBase"]
[SourceDate "2021.05.31"]
[SourceVersion "1"]
[SourceVersionDate "2021.05.31"]
[SourceQuality "1"]

1. d4 d5 2. Bf4 c5 3. e3 Nc6 4. c3 Nf6 5. Nd2 cxd4 6. exd4 Bf5 7. Qb3 Qc8 8. Ngf3 e6 9. h3 Be7 10. Be2 0-0 11. 0-0 Ne4 12. Nxe4 Bxe4 13. Nd2 Bg6 14. Rfe1 Qd7 15. Nf3 Bd6 16. Bxd6 Qxd6 17. Bf1 Rab8 18. Ne5 Nxe5 19. Rxe5 b5 20. Rae1 b4 21. Qa4 bxc3 22. bxc3 Rfc8 23. Qxa7 Ra8 24. Qb7 Rcb8 25. Qxa8 Rxa8 26. R1e2 Bd3 27. Rb2 Bxf1 28. Kxf1 Qa3 29. Rc2 g6 30. Ree2 Rc8 31. Re3 Rb8 32. c4 Qa6 33. Rb3 Rc8 34. Rbc3 Rxc4 35. Rxc4 dxc4 36. Ke2 h5 37. Ke3 Qa3+ 38. Kd2 Qd3+ 39. Kc1 c3 40. Rxc3 Qxc3+ 0-1

[Event "IRI-ch Online"]
[Site "Chess.com INT"]
[Date "2021.03.15"]
[Round "1"]
[White "Mari Ooriad, Pouya"]
[Black "Naserpour, Yones"]
[Result "1/2-1/2"]
[WhiteElo "2222"]
[BlackElo "1704"]
[PlyCount "136"]
[EventDate "2021.03.15"]
[EventType "swiss (rapid)"]
[EventRounds "11"]
[EventCountry "IRI"]
[SourceTitle "CBM 201 Extra"]
[Source "ChessBase"]
[SourceDate "2021.05.31"]
[SourceVersion "1"]
[SourceVersionDate "2021.05.31"]
[SourceQuality "1"]

1. e4 e5 2. Nc3 Nc6 3. Nf3 Bc5 4. Nxe5 Bxf2+ 5. Kxf2 Nxe5 6. d4 Ng6 7. Be2 d6 8. Rf1 Nf6 9. Kg1 h6 10. Qe1 0-0 11. Qg3 Qe7 12. Bd3 Bd7 13. Bd2 c5 14. dxc5 dxc5 15. Nd5 Nxd5 16. exd5 Qe5 17. Qxe5 Nxe5 18. Be2 b5 19. Rfe1 f6 20. Rad1 a6 21. Be3 Rac8 22. a4 Rfd8 23. h3 c4 24. axb5 axb5 25. Bf4 Re8 26. Bf1 Kf7 27. Kf2 g5 28. Bh2 Bf5 29. Rd2 Rcd8 30. b3 c3 31. Rd4 Bxc2 32. Bxb5 Re7 33. d6 Rb7 34. Bf1 Bxb3 35. Bxe5 fxe5 36. Rxe5 c2 37. Rc5 Rbd7 38. Rc6 Rxd6 39. Rdxd6 Rxd6 40. Rc7+ Kf6 41. Be2 Rd2 42. Ke3 Rd6 43. Rc5 Rd5 44. Rc6+ Ke5 45. Bd3 Rd6 46. Rc5+ Rd5 47. Rc7 Rd6 48. Bxc2 Bxc2 49. Rxc2 Rd1 50. Rc6 h5 51. Rc5+ Kf6 52. Ke4 Re1+ 53. Kf3 Rf1+ 54. Kg3 Rf4 55. Ra5 h4+ 56. Kh2 Rf2 57. Ra4 Rd2 58. Kg1 Kf5 59. Ra5+ Kf4 60. Ra3 Rd1+ 61. Kh2 Rd2 62. Rf3+ Ke5 63. Rf8 Rc2 64. Kg1 Rb2 65. Kf1 Ra2 66. Kg1 Rb2 67. Re8+ Kf4 68. Rf8+ Ke5 1/2-1/2

[Event "IRI-chT 17th"]
[Site "Rasht"]
[Date "2018.11.01"]
[Round "3.1"]
[White "Mari Ooriad, Pouya"]
[Black "Khoshkalam, Seyed Mehrab"]
[Result "0-1"]
[WhiteElo "2171"]
[BlackElo "2294"]
[PlyCount "50"]
[EventDate "2018.10.31"]
[EventType "team-swiss"]
[EventRounds "7"]
[EventCountry "IRI"]
[SourceTitle "CBM 187 Extra"]
[Source "ChessBase"]
[SourceDate "2018.11.04"]
[SourceVersion "1"]
[SourceVersionDate "2018.11.04"]
[SourceQuality "1"]
[WhiteTeam "Heyat Shatranj Larestan"]
[BlackTeam "Daneshgah Azad"]
[WhiteTeamCountry "IRI"]
[BlackTeamCountry "IRI"]

1. e4 e6 2. d4 d5 3. Nc3 Nc6 4. Nf3 Nf6 5. e5 Ne4 6. h4 Bb4 7. Bd2 Bxc3 8. bxc3 Qe7 9. Bd3 Nxd2 10. Qxd2 Bd7 11. Rb1 b6 12. Qg5 f6 13. Qh5+ Qf7 14. Qxf7+ Kxf7 15. g4 Ke7 16. exf6+ gxf6 17. g5 Raf8 18. Ke2 Kd6 19. Bb5 Nb8 20. Bxd7 Nxd7 21. Rbg1 e5 22. h5 fxg5 23. Rxg5 exd4 24. cxd4 Rf4 25. Rh4 Re8+ 0-1

[Event "Shiraz Farvardin op"]
[Site "Shiraz"]
[Date "2018.04.16"]
[Round "8"]
[White "Mari Ooriad, Pouya"]
[Black "Alizadeh, Gh"]
[Result "1-0"]
[WhiteElo "2165"]
[BlackElo "2193"]
[PlyCount "136"]
[EventDate "2018.04.11"]
[EventType "swiss"]
[EventRounds "11"]
[EventCountry "IRI"]
[SourceTitle "CBM 187 Extra"]
[Source "ChessBase"]
[SourceDate "2018.11.04"]
[SourceVersion "1"]
[SourceVersionDate "2018.11.04"]
[SourceQuality "1"]

1. e4 c5 2. Nf3 Nc6 3. d4 cxd4 4. Nxd4 Qb6 5. Nb3 Nf6 6. Nc3 e6 7. Qe2 Bb4 8. Bd2 0-0 9. a3 Be7 10. e5 Nd5 11. Qe4 f5 12. Qe2 d6 13. exd6 Bxd6 14. Qb5 Nce7 15. Nxd5 Nxd5 16. Qxb6 Nxb6 17. 0-0-0 Bd7 18. Kb1 Rfc8 19. Ba5 Nd5 20. c4 Ba4 21. Ka2 Bc7 22. Bd2 Nf6 23. f3 e5 24. c5 Rd8 25. Bc4+ Kh8 26. Bc3 Bc6 27. Be6 e4 28. Na5 Bxa5 29. Bxa5 Rxd1 30. Rxd1 exf3 31. gxf3 Bxf3 32. Rf1 Be4 33. Bxf5 Bxf5 34. Rxf5 Kg8 35. Bc3 Kf7 36. Kb3 Re8 37. Re5 Rc8 38. Kc4 Nd7 39. Rg5 g6 40. b4 h6 41. Rg2 g5 42. Rd2 Ke7 43. Rd6 Rc6 44. Rd2 h5 45. Kd5 g4 46. Re2+ Kf7 47. Bd4 a6 48. Rf2+ Kg6 49. a4 Nf6+ 50. Ke5 Nd7+ 51. Kd5 Nf6+ 52. Ke5 Nd7+ 53. Ke4 Kg5 54. Rf7 Nf6+ 55. Ke5 Ne8 56. Rxb7 h4 57. Re7 Rc8 58. Be3+ Kg6 59. Re6+ Kf7 60. Rxa6 Rd8 61. Rh6 h3 62. b5 Rd3 63. Bf4 Ra3 64. b6 Rxa4 65. b7 Rb4 66. Rb6 Rxb6 67. cxb6 Nf6 68. b8Q Nd7+ 1-0

[Event "IRI-chT 16th"]
[Site "Sari"]
[Date "2018.01.31"]
[Round "7.2"]
[White "Mari Ooriad, Pouya"]
[Black "Asgarizadeh, Ahmad"]
[Result "1-0"]
[WhiteElo "2166"]
[BlackElo "2415"]
[PlyCount "154"]
[EventDate "2017.09.13"]
[EventType "team-swiss"]
[EventRounds "11"]
[EventCountry "IRI"]
[SourceTitle "EXT 2019"]
[Source "ChessBase"]
[SourceDate "2018.10.10"]
[SourceVersion "1"]
[SourceVersionDate "2018.10.10"]
[SourceQuality "1"]
[WhiteTeam "Shiraz Darya Borj"]
[BlackTeam "Tabriz Shahrdari"]
[WhiteTeamCountry "IRI"]
[BlackTeamCountry "IRI"]

1. e4 d6 2. d4 g6 3. Nc3 Bg7 4. f4 a6 5. Nf3 b5 6. Bd3 Nd7 7. Qe2 c5 8. dxc5 Nxc5 9. a4 bxa4 10. Nxa4 Nxd3+ 11. cxd3 Nf6 12. 0-0 0-0 13. Kh1 a5 14. Be3 Ba6 15. Qd2 Nd7 16. Ra3 Qb8 17. Rfa1 Qb5 18. Nd4 Bxd4 19. Bxd4 f5 20. e5 dxe5 21. fxe5 Qd5 22. Qf2 Qe6 23. Qf4 Bb7 24. Nc3 g5 25. Qf2 f4 26. Rxa5 Rxa5 27. Rxa5 f3 28. g3 h6 29. Kg1 Rd8 30. Ra7 Bc6 31. Ra6 Nb8 32. Ra1 Qf5 33. e6 Qxd3 34. Rd1 Qf5 35. Re1 Bb7 36. Nd1 Qd5 37. Bc3 Na6 38. Ne3 Qxe6 39. g4 Qe4 40. h3 e6 41. Nf5 Qc4 42. Nxh6+ Kf8 43. h4 Nc5 44. Rf1 Nd3 45. Qe3 Qf4 46. Qxf4+ gxf4 47. g5 e5 48. g6 Rd7 49. h5 f2+ 50. Rxf2 Nxf2 51. Kxf2 Rd5 52. Nf5 Rd7 53. h6 Kg8 54. h7+ Rxh7 55. gxh7+ Kxh7 56. Bxe5 f3 57. Nd6 Bd5 58. b4 Kg6 59. b5 Kg5 60. b6 Kg4 61. b7 Bxb7 62. Nxb7 Kf5 63. Bc7 Ke4 64. Bb8 Kd5 65. Nd8 Ke4 66. Nf7 Kd5 67. Kxf3 Kd4 68. Kf4 Kd5 69. Ng5 Kd4 70. Be5+ Kd5 71. Nf3 Kc4 72. Ke4 Kc5 73. Nd4 Kb6 74. Kd5 Kb7 75. Ne6 Kb6 76. Nc7 Kb7 77. Kc5 Kc8 1-0

[Event "IRI-chT 16th"]
[Site "Sari"]
[Date "2017.10.19"]
[Round "9.6"]
[White "Mari Ooriad, Pouya"]
[Black "Lorparizangeneh, Shahin"]
[Result "0-1"]
[WhiteElo "2166"]
[BlackElo "2486"]
[PlyCount "92"]
[EventDate "2017.09.13"]
[EventType "team-swiss"]
[EventRounds "11"]
[EventCountry "IRI"]
[SourceTitle "EXT 2019"]
[Source "ChessBase"]
[SourceDate "2018.10.10"]
[SourceVersion "1"]
[SourceVersionDate "2018.10.10"]
[SourceQuality "1"]
[WhiteTeam "Shiraz Darya Borj"]
[BlackTeam "Tabriz Shahrdari"]
[WhiteTeamCountry "IRI"]
[BlackTeamCountry "IRI"]

1. e4 e5 2. f4 d5 3. exd5 exf4 4. Nf3 Nf6 5. Bb5+ c6 6. dxc6 Nxc6 7. d4 Bd6 8. Qe2+ Be6 9. Ng5 0-0 10. Nxe6 Qb6 11. Bxc6 bxc6 12. Nxg7 Rfe8 13. Nxe8 Rxe8 14. Qxe8+ Nxe8 15. c3 c5 16. d5 c4 17. Na3 Bxa3 18. bxa3 Nf6 19. Bxf4 Nxd5 20. Bd2 Qe6+ 21. Kd1 Ne3+ 22. Bxe3 Qxe3 23. Rc1 Qd3+ 24. Ke1 Kg7 25. Rf1 Qe3+ 26. Kd1 Qd3+ 27. Ke1 Qe3+ 28. Kd1 f6 29. g3 Qd3+ 30. Ke1 h5 31. Rf4 Qe3+ 32. Kd1 Qd3+ 33. Ke1 Qe3+ 34. Kd1 Qg1+ 35. Kc2 Qxh2+ 36. Kb1 Qxg3 37. Rd4 h4 38. Ka1 h3 39. Rxc4 h2 40. Rd4 f5 41. Rdd1 f4 42. c4 f3 43. c5 f2 44. c6 Qg1 45. c7 h1Q 46. Rxg1+ Qxg1 0-1

[Event "Hamedan op"]
[Site "Hamedan"]
[Date "2017.08.18"]
[Round "10"]
[White "Bashiri, Aryan"]
[Black "Mari Ooriad, Pouya"]
[Result "1/2-1/2"]
[WhiteElo "2072"]
[BlackElo "2176"]
[PlyCount "158"]
[EventDate "2017.08.12"]
[EventType "swiss"]
[EventRounds "11"]
[EventCountry "IRI"]
[SourceTitle "CBM 180 Extra"]
[Source "ChessBase"]
[SourceDate "2017.10.06"]
[SourceVersion "1"]
[SourceVersionDate "2017.10.06"]
[SourceQuality "1"]

1. e4 g6 2. Nf3 Bg7 3. d4 d6 4. h3 a6 5. a4 Nf6 6. Nc3 0-0 7. Be3 Nbd7 8. Be2 c5 9. d5 Rb8 10. 0-0 b5 11. axb5 axb5 12. Nxb5 Nxe4 13. Ra2 Qb6 14. c4 Ba6 15. Qd3 Nef6 16. Rfa1 Ra8 17. Bd2 Qb7 18. Nc3 Nb6 19. b3 Nfd7 20. Ra3 Rfb8 21. R1a2 Qc8 22. Bd1 Bb7 23. Qc2 Rxa3 24. Rxa3 Ra8 25. Rxa8 Qxa8 26. Nb5 Qa1 27. Qc1 Qxc1 28. Bxc1 Nb8 29. Ne1 Bc8 30. Bg4 f5 31. Bf3 Bd7 32. Na3 Kf7 33. Nd3 Na6 34. Bd2 Na8 35. Nc2 N8c7 36. Kf1 Ne8 37. Ke2 Nf6 38. Bc3 Nc7 39. Bb2 Nce8 40. h4 h6 41. Bc1 Bc8 42. Bb2 Bf8 43. Ne3 Bg7 44. Nf1 Nc7 45. Ne3 Na6 46. Nc2 Bd7 47. g3 Bf8 48. Ke3 Bg7 49. Ke2 Be8 50. Ba1 Nb8 51. Bb2 Nbd7 52. Ne3 h5 53. Nf4 Ne5 54. Ne6 Bh6 55. Bxe5 dxe5 56. Nxc5 e4 57. Bg2 Bd7 58. b4 Bc8 59. Nc2 Ne8 60. f3 Nd6 61. Na3 Bc1 62. Nb5 exf3+ 63. Bxf3 Nxc4 64. Na7 Nb6 65. Nd3 Bh6 66. Ne5+ Kf6 67. Nxc8 Nxc8 68. Nd7+ Kf7 69. b5 Bg7 70. b6 Nxb6 71. Nxb6 Be5 72. Kf2 Bd4+ 73. Kg2 Bxb6 74. Be2 Kf6 75. Bb5 Ba5 76. Be8 Be1 77. Kf3 Kg7 78. Bd7 Kf6 79. Be8 Bd2 1/2-1/2

[Event "Hamedan op"]
[Site "Hamedan"]
[Date "2017.08.15"]
[Round "6"]
[White "Abedi, Pouria"]
[Black "Mari Ooriad, Pouya"]
[Result "0-1"]
[WhiteElo "2009"]
[BlackElo "2176"]
[PlyCount "84"]
[EventDate "2017.08.12"]
[EventType "swiss"]
[EventRounds "11"]
[EventCountry "IRI"]
[SourceTitle "CBM 180 Extra"]
[Source "ChessBase"]
[SourceDate "2017.10.06"]
[SourceVersion "1"]
[SourceVersionDate "2017.10.06"]
[SourceQuality "1"]

1. d4 Nf6 2. c4 g6 3. Nc3 Bg7 4. e4 0-0 5. Nf3 d6 6. Be2 e5 7. 0-0 exd4 8. Nxd4 Re8 9. f3 c6 10. Kh1 Qe7 11. Nc2 Nh5 12. f4 Nf6 13. Bf3 h5 14. f5 Nfd7 15. fxg6 fxg6 16. Bf4 Ne5 17. Be2 Be6 18. Ne3 Nbd7 19. Qd2 Nf7 20. Rad1 Nde5 21. b4 Rad8 22. Rf2 Kh7 23. Qc2 Kg8 24. Rdf1 Rf8 25. b5 Bh6 26. Qa4 Bxf4 27. Rxf4 Ra8 28. Qd1 Nh6 29. Qd4 Rxf4 30. Rxf4 Nhf7 31. g3 Qc7 32. bxc6 bxc6 33. Nf5 Qb6 34. Ne7+ Kg7 35. Qd2 Bg4 36. Bxg4 hxg4 37. Rf6 Re8 38. Re6 Qd8 39. Nf5+ gxf5 40. exf5 Rxe6 41. fxe6 Qf6 42. Kg2 Qxe6 0-1

[Event "Fars Province-ch"]
[Site "Shiraz"]
[Date "2017.07.21"]
[Round "4"]
[White "Mari Ooriad, Pouya"]
[Black "Hashemi, Seyede Fatemeh"]
[Result "1-0"]
[WhiteElo "2226"]
[BlackElo "1903"]
[PlyCount "93"]
[EventDate "2017.07.19"]
[EventType "swiss"]
[EventRounds "11"]
[EventCountry "IRI"]
[SourceTitle "CBM 187 Extra"]
[Source "ChessBase"]
[SourceDate "2018.11.04"]
[SourceVersion "1"]
[SourceVersionDate "2018.11.04"]
[SourceQuality "1"]

1. e4 c5 2. Nf3 e6 3. Nc3 a6 4. d4 cxd4 5. Nxd4 b5 6. Bd3 Qb6 7. Be3 Bc5 8. Be2 Nc6 9. Nxc6 dxc6 10. Bxc5 Qxc5 11. Qd3 Nf6 12. f4 e5 13. f5 0-0 14. g4 a5 15. g5 Nd7 16. f6 Nb6 17. fxg7 Re8 18. Nd1 Qd4 19. c3 Qxd3 20. Bxd3 Be6 21. Ne3 Nc4 22. Bxc4 bxc4 23. 0-0-0 Rab8 24. Rd6 Rb6 25. Nd5 Bxd5 26. exd5 Kxg7 27. dxc6 e4 28. Re1 e3 29. a4 Rc8 30. Rxe3 Rcxc6 31. Rd5 Re6 32. Rxe6 Rxe6 33. Rxa5 Re1+ 34. Kc2 Ra1 35. Ra6 h5 36. gxh6+ Kh7 37. Rf6 Rxa4 38. Rxf7+ Kxh6 39. Rb7 Ra6 40. Rc7 Ra4 41. Rc5 Kg6 42. h4 Kg7 43. Kd2 Kg6 44. Ke3 Ra2 45. Rb5 Ra1 46. Kd4 Rh1 47. h5+ 1-0

[Event "Yerevan Asrian Memorial 10th"]
[Site "Yerevan"]
[Date "2017.06.25"]
[Round "5"]
[White "Pipia, Ekaterine"]
[Black "Mari Ooriad, Pouya"]
[Result "0-1"]
[WhiteElo "1711"]
[BlackElo "2226"]
[PlyCount "98"]
[EventDate "2017.06.21"]
[EventType "swiss"]
[EventRounds "9"]
[EventCountry "ARM"]
[SourceTitle "EXT 2018"]
[Source "ChessBase"]
[SourceDate "2017.10.13"]
[SourceVersion "1"]
[SourceVersionDate "2017.10.13"]
[SourceQuality "1"]

1. d4 Nf6 2. c4 g6 3. Nc3 Bg7 4. e4 0-0 5. Nf3 d6 6. h3 e5 7. d5 a5 8. Bg5 c6 9. Be2 Na6 10. Nd2 Bd7 11. Bg4 Be8 12. Qe2 a4 13. 0-0 Nc5 14. Rfd1 Qb6 15. Rab1 Qb4 16. a3 Qa5 17. Bf3 h6 18. Be3 Rc8 19. Bxc5 dxc5 20. Nf1 cxd5 21. Nxd5 Nxd5 22. Rxd5 Bc6 23. Rd2 Rfd8 24. Rxd8+ Rxd8 25. Ne3 Rd4 26. Nd5 Bf8 27. Nf6+ Kg7 28. Ng4 Bd6 29. Qe3 Qd2 30. Rd1 Qxe3 31. Nxe3 Be7 32. Ng4 Bf6 33. Rxd4 cxd4 34. Kf1 h5 35. Nxf6 Kxf6 36. h4 g5 37. g3 g4 38. Bg2 Ke7 39. f4 Kd6 40. Ke2 f5 41. c5+ Kxc5 42. fxe5 fxe4 43. Kd1 Kd5 44. Kc2 Kxe5 45. b3 d3+ 46. Kc3 axb3 47. Kxb3 Kd4 48. Kb2 Ba4 49. Kc1 Kc3 0-1

[Event "IRI Cities-chT"]
[Site "Esfahan"]
[Date "2016.05.15"]
[Round "7.1"]
[White "Hosseinzadeh, Nima"]
[Black "Mari Ooriad, Pouya"]
[Result "1-0"]
[WhiteElo "2230"]
[BlackElo "2260"]
[PlyCount "53"]
[EventDate "2016.05.11"]
[EventType "team-swiss"]
[EventRounds "7"]
[EventCountry "IRI"]
[SourceTitle "CBM 172 Extra"]
[Source "ChessBase"]
[SourceDate "2016.06.21"]
[SourceVersion "1"]
[SourceVersionDate "2016.06.21"]
[SourceQuality "1"]
[WhiteTeam "Tabriz Shahdari"]
[BlackTeam "Shiraz Darya Borj"]
[WhiteTeamCountry "IRI"]
[BlackTeamCountry "IRI"]

1. e4 e5 2. Nf3 Nc6 3. Bb5 a6 4. Ba4 Nge7 5. Bb3 Ng6 6. d4 exd4 7. Nxd4 Qh4 8. 0-0 Nxd4 9. Qxd4 Nf4 10. Qe5+ Ne6 11. Bxe6 dxe6 12. Rd1 Qe7 13. Bf4 c5 14. Qh5 g6 15. Qf3 Bg7 16. Nc3 Bd7 17. Bd6 Qg5 18. e5 Bc6 19. Ne4 Qh4 20. Re1 0-0-0 21. Qxf7 Rd7 22. Qxe6 Kd8 23. Nxc5 Re8 24. Qb3 Qg4 25. f3 Qd4+ 26. Kh1 Rxd6 27. Qb6+ 1-0

[Event "Rasht op"]
[Site "Rasht"]
[Date "2015.08.18"]
[Round "8"]
[White "Asgari, Morteza"]
[Black "Mari Ooriad, Pouya"]
[Result "0-1"]
[WhiteElo "2251"]
[BlackElo "2189"]
[PlyCount "81"]
[EventDate "2015.08.14"]
[EventType "swiss"]
[EventRounds "11"]
[EventCountry "IRI"]
[SourceTitle "EXT 2016"]
[Source "ChessBase"]
[SourceDate "2015.10.08"]
[SourceVersion "1"]
[SourceVersionDate "2015.10.08"]
[SourceQuality "1"]

1. e4 e5 2. Nf3 Nc6 3. Bb5 a6 4. Ba4 g6 5. 0-0 Bg7 6. c3 Nge7 7. d4 exd4 8. cxd4 d5 9. exd5 Nxd5 10. Re1+ Be6 11. Bg5 Qd6 12. Nbd2 0-0 13. Ne4 Qb4 14. Bxc6 bxc6 15. Qc1 Rfe8 16. Qxc6 Qxb2 17. a4 Qb6 18. Qc1 Bf5 19. Ng3 Bg4 20. Rb1 Rxe1+ 21. Qxe1 Qe6 22. Qxe6 Bxe6 23. Bd2 Bd7 24. a5 Bb5 25. Rc1 Re8 26. Rc5 c6 27. Rc1 Nc7 28. Be3 Ne6 29. Rd1 f5 30. Nf1 f4 31. Bd2 Rd8 32. Bc1 Nxd4 33. Kh1 Rd5 34. Nxd4 Rxd4 35. Re1 Ra4 36. Bd2 Ra2 37. Bb4 Rxf2 38. Nd2 Bd4 39. Nf3 Be3 40. h4 Bf1 41. Ra1 0-1

[Event "Rasht op"]
[Site "Rasht"]
[Date "2015.08.18"]
[Round "7"]
[White "Mari Ooriad, Pouya"]
[Black "Rostami, Rouzbeh"]
[Result "1-0"]
[WhiteElo "2189"]
[BlackElo "2018"]
[PlyCount "80"]
[EventDate "2015.08.14"]
[EventType "swiss"]
[EventRounds "11"]
[EventCountry "IRI"]
[SourceTitle "EXT 2016"]
[Source "ChessBase"]
[SourceDate "2015.10.08"]
[SourceVersion "1"]
[SourceVersionDate "2015.10.08"]
[SourceQuality "1"]

1. e4 c5 2. Nf3 Nc6 3. Nc3 g6 4. Bb5 Bg7 5. Bxc6 bxc6 6. 0-0 d6 7. h3 e5 8. a3 Ne7 9. b4 d5 10. d3 cxb4 11. axb4 0-0 12. Na4 f5 13. Nc5 a5 14. Re1 dxe4 15. dxe4 Qxd1 16. Rxd1 fxe4 17. Ng5 a4 18. Ngxe4 Nd5 19. c3 Bf5 20. b5 Rfc8 21. g4 Bxe4 22. Nxe4 Nf6 23. Nd6 Rd8 24. bxc6 Rac8 25. Nxc8 Rxd1+ 26. Kg2 Ne8 27. Nb6 Rd6 28. Rxa4 Rxc6 29. Nd5 Rc5 30. Ra8 Kf7 31. Ra7+ Ke6 32. Nb4 Rxc3 33. Bg5 Rc7 34. Ra6+ Kf7 35. Nd5 Rd7 36. Nb4 Nd6 37. f3 h6 38. Be3 Nc4 39. Kf2 Rb7 40. Nd3 Nb2 1-0

[Event "Yerevan Asrian Memorial 8th"]
[Site "Yerevan"]
[Date "2015.06.18"]
[Round "3"]
[White "Shahinyan, David"]
[Black "Mari Ooriad, Pouya"]
[Result "1/2-1/2"]
[WhiteElo "2455"]
[BlackElo "2200"]
[PlyCount "83"]
[EventDate "2015.06.16"]
[EventType "swiss"]
[EventRounds "9"]
[EventCountry "ARM"]
[SourceTitle "CBM 167 Extra"]
[Source "ChessBase"]
[SourceDate "2015.09.14"]
[SourceVersion "1"]
[SourceVersionDate "2015.09.14"]
[SourceQuality "1"]

1. c4 c6 2. Nf3 Nf6 3. g3 d5 4. Bg2 Bf5 5. 0-0 e6 6. cxd5 cxd5 7. Qb3 Qc8 8. d3 Nc6 9. Bf4 Be7 10. Rc1 Qd7 11. Ne5 Nxe5 12. Bxe5 0-0 13. Rc7 Qd8 14. Rxb7 Nd7 15. d4 Nxe5 16. dxe5 Bc5 17. Nc3 Rb8 18. Rd1 Bb6 19. Rxb8 Qxb8 20. Na4 Qxe5 21. Nxb6 axb6 22. Bf3 Qc7 23. Qb4 Qc6 24. Qf4 Rc8 25. Bxd5 Qc2 26. Bb3 Qxe2 27. Qd2 Qxd2 28. Rxd2 Kf8 29. f3 Ke7 30. Kf2 g5 31. Ke3 Rc5 32. Rd4 h6 33. a4 Rc6 34. Bd1 e5 35. Rd5 f6 36. Rb5 Rd6 37. Be2 Bd7 38. Rb4 Kd8 39. Bd3 Kc7 40. g4 Bc6 41. Be4 Rd4 42. Rxd4 1/2-1/2

[Event "Yerevan Spring"]
[Site "Yerevan"]
[Date "2012.03.14"]
[Round "6"]
[White "Mari Ooriad, Pouya"]
[Black "Kalashian, David"]
[Result "1/2-1/2"]
[WhiteElo "2276"]
[BlackElo "2418"]
[PlyCount "173"]
[EventDate "2012.03.10"]
[EventType "tourn"]
[EventRounds "9"]
[EventCountry "ARM"]
[EventCategory "2"]
[SourceTitle "CBM 147 Extra"]
[Source "ChessBase"]
[SourceDate "2012.04.24"]
[SourceVersion "1"]
[SourceVersionDate "2012.04.24"]
[SourceQuality "1"]

1. e4 c6 2. d4 g6 3. Nf3 Bg7 4. Nc3 d6 5. h3 Nf6 6. Be3 0-0 7. Qd2 b5 8. Bd3 Nbd7 9. a4 b4 10. Ne2 a5 11. Ng3 e5 12. dxe5 dxe5 13. Qe2 Qe7 14. Nd2 Nc5 15. Bc4 Ne6 16. Nb3 h5 17. Bxe6 Qxe6 18. Nc5 Qd6 19. Qd2 Qxd2+ 20. Bxd2 Nd7 21. Be3 Nxc5 22. Bxc5 Rd8 23. Rd1 Rxd1+ 24. Kxd1 Be6 25. b3 Bh6 26. Ke2 Bf8 27. Bxf8 Kxf8 28. Nf1 Rd8 29. Ne3 Rd4 30. f3 Bc8 31. Rd1 Ba6+ 32. Ke1 Ke7 33. h4 Ke6 34. g3 c5 35. Rxd4 cxd4 36. Nd1 d3 37. cxd3 Bxd3 38. Kd2 Ba6 39. Ke3 Kd6 40. Nb2 f6 41. Kd2 Kc5 42. Ke3 Bf1 43. Nd3+ Kc6 44. Nb2 Kd6 45. Kf2 Ba6 46. Ke3 Kc5 47. Nd3+ Kc6 48. Nb2 Bf1 49. Kf2 Ba6 50. Ke3 Kc7 51. Kd2 Kd7 52. Ke3 Ke7 53. Kd2 g5 54. Ke3 gxh4 55. gxh4 Kd6 56. Kd2 Kc6 57. Ke3 Bf1 58. Kf2 Bh3 59. Nc4 Be6 60. Nd2 Kd6 61. Ke3 Kc5 62. Kd3 Bc8 63. Ke3 Ba6 64. Nb1 Kd6 65. Nd2 Ke6 66. Nb1 Kd6 67. Nd2 Ke7 68. Nb1 Kd6 69. Nd2 Kc5 70. Nb1 Bc8 71. Nd2 Be6 72. Kd3 f5 73. exf5 Bxf5+ 74. Ne4+ Kc6 75. Ke3 Bg6 76. Nd2 Bf7 77. Kd3 Kc5 78. Ne4+ Kd5 79. Nd2 Bg6+ 80. Ne4 Bf7 81. Nd2 Kc5 82. Ne4+ Kc6 83. Nd2 Kc5 84. Ne4+ Kd5 85. Nd2 Bg6+ 86. Ne4 Bf5 87. Ke3 1/2-1/2

[Event "Yerevan Spring"]
[Site "Yerevan"]
[Date "2012.03.10"]
[Round "1"]
[White "Mari Ooriad, Pouya"]
[Black "Hayrapetyan, Arman"]
[Result "1/2-1/2"]
[WhiteElo "2276"]
[BlackElo "2377"]
[PlyCount "94"]
[EventDate "2012.03.10"]
[EventType "tourn"]
[EventRounds "9"]
[EventCountry "ARM"]
[EventCategory "2"]
[SourceTitle "CBM 147 Extra"]
[Source "ChessBase"]
[SourceDate "2012.04.24"]
[SourceVersion "1"]
[SourceVersionDate "2012.04.24"]
[SourceQuality "1"]

1. e4 e5 2. Nf3 Nc6 3. Bb5 a6 4. Bxc6 dxc6 5. 0-0 f6 6. d4 exd4 7. Qxd4 Qxd4 8. Nxd4 Bd7 9. Be3 0-0-0 10. Nc3 Ne7 11. f3 Ng6 12. Rfd1 Ne5 13. b3 Ba3 14. Nce2 Rhe8 15. Kf2 g6 16. c3 Bf8 17. Nc2 c5 18. c4 f5 19. Bg5 fxe4 20. Bxd8 Nd3+ 21. Kg1 Rxd8 22. Ng3 Bg7 23. Rab1 Nb2 24. Rd5 exf3 25. gxf3 Rf8 26. Rf1 Bc6 27. Rd2 b5 28. Ne4 bxc4 29. Nxc5 c3 30. Rdf2 Rf5 31. b4 Bf8 32. Nb3 Nd3 33. Nbd4 Nxf2 34. Nxf5 Nh3+ 35. Kg2 Nf4+ 36. Kg3 Nh5+ 37. Kh4 Bd7 38. Nce3 Bxb4 39. Kg5 Ba3 40. Nd4 Bd6 41. f4 c5 42. Ne2 Bb5 43. Rf2 Bxe2 44. Rxe2 Bxf4+ 45. Kg4 Kd7 46. Kf3 Kc6 47. Ke4 Bg5 1/2-1/2

[Event "Armen Norouz Cup 1st"]
[Site "Esfahan"]
[Date "2011.03.30"]
[Round "8"]
[White "Mari Ooriad, Pouya"]
[Black "Lorparizangeneh, Shahin"]
[Result "0-1"]
[WhiteElo "2263"]
[BlackElo "2044"]
[PlyCount "64"]
[EventDate "2011.03.25"]
[EventType "swiss"]
[EventRounds "9"]
[EventCountry "IRI"]
[SourceTitle "CBM 141 Extra"]
[Source "ChessBase"]
[SourceDate "2011.05.03"]
[SourceVersion "1"]
[SourceVersionDate "2011.05.03"]
[SourceQuality "1"]

1. e4 c6 2. d4 d5 3. f3 Qb6 4. Nc3 dxe4 5. fxe4 e5 6. Nf3 exd4 7. Qxd4 Qxd4 8. Nxd4 Nd7 9. Bf4 Ne7 10. Bg3 g6 11. 0-0-0 Bg7 12. Nf3 b5 13. Bd6 Bb7 14. a4 a6 15. axb5 axb5 16. Kb1 Nc8 17. Bc7 Bxc3 18. bxc3 Ncb6 19. Bd6 Na4 20. Rd3 Ndc5 21. Re3 0-0-0 22. Be5 Rd1+ 23. Ka2 Re8 24. g3 Nd7 25. Bg7 c5 26. Rd3 Rc1 27. Rxd7 Rxc2+ 28. Kb3 Rb2+ 29. Ka3 Kxd7 30. c4 b4+ 31. Kxa4 Bc6+ 32. Ka5 Kc7 0-1

[Event "Armen Norouz Cup 1st"]
[Site "Esfahan"]
[Date "2011.03.28"]
[Round "5"]
[White "Javanbakht, Nima"]
[Black "Mari Ooriad, Pouya"]
[Result "1/2-1/2"]
[WhiteElo "2268"]
[BlackElo "2263"]
[PlyCount "131"]
[EventDate "2011.03.25"]
[EventType "swiss"]
[EventRounds "9"]
[EventCountry "IRI"]
[SourceTitle "CBM 141 Extra"]
[Source "ChessBase"]
[SourceDate "2011.05.03"]
[SourceVersion "1"]
[SourceVersionDate "2011.05.03"]
[SourceQuality "1"]

1. d4 Nf6 2. c4 g6 3. Nc3 Bg7 4. e4 0-0 5. f3 c5 6. Be3 cxd4 7. Bxd4 Nc6 8. Be3 e6 9. Qd6 Re8 10. 0-0-0 Bf8 11. Qd2 d5 12. Bg5 Be7 13. cxd5 exd5 14. exd5 Nxd5 15. Bxe7 Ndxe7 16. Qf4 Qa5 17. Bc4 Qf5 18. Nh3 Ne5 19. Bb5 N7c6 20. Nd5 Qxf4+ 21. Nhxf4 Rd8 22. Bxc6 Nxc6 23. Ne7+ Kf8 24. Nxc6 Rxd1+ 25. Rxd1 bxc6 26. Rd6 g5 27. Nd3 Be6 28. a3 Rc8 29. Nc5 Ke7 30. Rd4 Bd5 31. Kd2 h6 32. Ra4 Kd6 33. Nd3 Rc7 34. Kc3 Re7 35. Kd2 f5 36. Ra5 f4 37. Nf2 h5 38. h4 g4 39. Nd3 gxf3 40. gxf3 Bxf3 41. Nxf4 Re4 42. Nxh5 Rxh4 43. Ng3 Rh2+ 44. Kc3 Bd5 45. Rxa7 Rh3 46. Rg7 Ke5 47. Kb4 Kf6 48. Rg4 Rh2 49. Kc3 Rh3 50. Kd4 Rh2 51. Kc3 Rh3 52. Kb4 Rh2 53. b3 Rb2 54. Nh5+ Ke5 55. Rg3 Rh2 56. Rg5+ Ke6 57. Nf4+ Kf6 58. Rxd5 cxd5 59. Nxd5+ Ke5 60. Nb6 Kd6 61. a4 Kc6 62. Nc4 Rh3 63. a5 Kb7 64. Ka4 Kc6 65. b4 Rh1 66. Kb3 1/2-1/2